[Event "Cto Equipos Aragon 2013 Preferente I"]
[Site "Aragon"]
[Date "2013.01.26"]
[Round "1.50"]
[White "Alvarez Gonzalo, Miguel Angel"]
[Black "Hernandez Delgado, Gabriel"]
[Result "1/2-1/2"]
[WhiteElo "1973"]
[BlackElo "1974"]
[PlyCount "73"]
[EventDate "2013.??.??"]
[EventType "tourn"]
[EventRounds "9"]
[EventCountry "ESP"]
[WhiteTeam "St. Casablanca C"]
[BlackTeam "El Olivar C"]

1. c4 e5 2. g3 Nf6 3. Bg2 d5 4. cxd5 Nxd5 5. Nc3 Nb6 6. Nf3 Nc6 7. O-O Be7 8.
a3 O-O 9. b4 Be6 10. Bb2 f6 11. d3 Qd7 12. Ne4 a5 13. Nc5 Bxc5 14. bxc5 Nd5 15.
Nd2 a4 16. Rb1 Rfb8 17. Qc2 Nd4 18. Bxd4 exd4 19. Ne4 Ne7 20. c6 Nxc6 21. Nc5
Qc8 22. Nxe6 Qxe6 23. Rxb7 Rxb7 24. Qxc6 Qxc6 25. Bxc6 Rab8 26. Bxb7 Rxb7 27.
Rc1 Rb3 28. Rxc7 Rxa3 29. Rc4 Ra1+ 30. Kg2 Kf7 31. Rxd4 Ke6 32. e4 g5 33. g4 a3
34. Ra4 a2 35. d4 Re1 36. Rxa2 Rxe4 37. Kg3 1/2-1/2

[Event "Cto Equipos Aragon 2013 Preferente I"]
[Site "Aragon"]
[Date "2013.01.26"]
[Round "1.51"]
[White "De la Riva Fernandez, Eduardo"]
[Black "Calvo Mayayo, Jose Maria"]
[Result "1/2-1/2"]
[WhiteElo "1970"]
[BlackElo "1929"]
[PlyCount "77"]
[EventDate "2013.??.??"]
[EventType "tourn"]
[EventRounds "9"]
[EventCountry "ESP"]
[WhiteTeam "El Olivar C"]
[BlackTeam "St. Casablanca C"]

1. e4 c5 2. Nf3 d6 3. d4 cxd4 4. Nxd4 Nf6 5. Nc3 a6 6. Be2 e5 7. Nb3 Be6 8. O-O
Be7 9. Be3 b5 10. a3 Nbd7 11. f4 O-O 12. f5 Bxb3 13. cxb3 Nc5 14. Bf3 Rc8 15.
b4 Ncd7 16. Qd2 Nb6 17. b3 Rc6 18. Rac1 Qd7 19. g4 Rfc8 20. g5 Ne8 21. Bxb6
Rxb6 22. Nd5 Rbc6 23. Rxc6 Rxc6 24. Rc1 Bd8 25. Kg2 f6 26. h4 Rxc1 27. Qxc1 Kf8
28. Kg3 Qb7 29. Bh5 Qd7 30. Bxe8 Kxe8 31. gxf6 gxf6 32. Qh6 Qf7 33. Kg4 Qg8+
34. Kf3 Qf7 35. Kg4 Qg8+ 36. Kh3 Qf7 37. Qc1 Qd7 38. Qh6 Qf7 39. Kg4 1/2-1/2

[Event "Cto Equipos Aragon 2013 Preferente I"]
[Site "Aragon"]
[Date "2013.01.26"]
[Round "1.52"]
[White "Lafarga Bueno, Daniel"]
[Black "Machin Torcal, Eduardo"]
[Result "1/2-1/2"]
[WhiteElo "1886"]
[BlackElo "1816"]
[PlyCount "69"]
[EventDate "2013.??.??"]
[EventType "tourn"]
[EventRounds "9"]
[EventCountry "ESP"]
[WhiteTeam "St. Casablanca C"]
[BlackTeam "El Olivar C"]

1. c4 c5 2. g3 g6 3. Bg2 Bg7 4. Nc3 Nc6 5. e3 d6 6. Nge2 e5 7. O-O Nge7 8. a3
O-O 9. Rb1 a6 10. b4 Qc7 11. bxc5 dxc5 12. Na4 Nd8 13. Nb6 Rb8 14. Nc3 Bd7 15.
Nxd7 Qxd7 16. Na4 Ne6 17. Nb6 Qc7 18. a4 Rfd8 19. Qb3 Nc6 20. Nd5 Qd6 21. Qb6
Rd7 22. Ba3 f5 23. d3 Kf7 24. f4 exf4 25. gxf4 Ncd8 26. Qb3 Bf8 27. Qc3 Bg7 28.
Qc2 Qf8 29. Rb6 Rd6 30. Rfb1 Kg8 31. Nc3 Qf6 32. Bb2 Qe7 33. Bd5 Kh8 34. Bg2
Nc7 35. Bxb7 1/2-1/2

[Event "Cto Equipos Aragon 2013 Preferente II"]
[Site "Aragon"]
[Date "2013.01.26"]
[Round "1.53"]
[White "Dominguez Bujeda, Jesus"]
[Black "Hinojar Basa, Alfonso"]
[Result "0-1"]
[WhiteElo "2146"]
[BlackElo "2199"]
[PlyCount "72"]
[EventDate "2013.??.??"]
[EventType "tourn"]
[EventRounds "9"]
[EventCountry "ESP"]
[WhiteTeam "Teruel"]
[BlackTeam "Marcos Frechin"]

1. d4 Nf6 2. c4 e6 3. Nc3 d5 4. cxd5 exd5 5. Bg5 Be7 6. e3 c6 7. Qc2 Nbd7 8.
Bd3 O-O 9. Nf3 Re8 10. h3 Nf8 11. Bf4 Ne6 12. Be5 g6 13. O-O-O Nd7 14. Bh2 Bf6
15. Kb1 b5 16. Rc1 Bb7 17. g4 a6 18. h4 c5 19. h5 cxd4 20. exd4 Nxd4 21. Nxd4
Bxd4 22. hxg6 fxg6 23. Ne2 Bg7 24. Bc7 Qf6 25. g5 Qf3 26. Nf4 Nf8 27. Qb3 Rac8
28. Rh3 Qxf2 29. Nxd5 Bxd5 30. Qxd5+ Kh8 31. Rh2 Qe3 32. Bxg6 Nxg6 33. Rxh7+
Kxh7 34. Rh1+ Nh4 35. Rxh4+ Kg6 36. Qc6+ Qe6 0-1

[Event "Cto Equipos Aragon 2013 Preferente II"]
[Site "Aragon"]
[Date "2013.01.26"]
[Round "1.54"]
[White "Sebastian Bespin, Ruben"]
[Black "Martin Catalan, Juan Vicente"]
[Result "1-0"]
[WhiteElo "2158"]
[BlackElo "2096"]
[PlyCount "93"]
[EventDate "2013.??.??"]
[EventType "tourn"]
[EventRounds "9"]
[EventCountry "ESP"]
[WhiteTeam "Marcos Frechin"]
[BlackTeam "Teruel"]

1. e4 c5 2. c3 d5 3. exd5 Nf6 4. d4 cxd4 5. cxd4 Nxd5 6. Nf3 Nc6 7. Nc3 e6 8.
Bd3 Be7 9. O-O O-O 10. Qe2 g6 11. Rd1 Re8 12. Bb1 Nxc3 13. bxc3 Bf6 14. Be4 Bd7
15. Rb1 b6 16. Ne5 Rc8 17. Ng4 Bg7 18. Nh6+ Kf8 19. Bxc6 Bxc6 20. Ba3+ Re7 21.
Ng4 Ke8 22. Bxe7 Qxe7 23. Ne5 Ba4 24. Qa6 Bd7 25. Qxa7 Rxc3 26. Rxb6 Bc8 27.
Qa4+ Kf8 28. Rb8 Qc7 29. Ra8 Bxe5 30. dxe5 Qxe5 31. h3 h5 32. Qb4+ Kg7 33. Qd4
Qxd4 34. Rxd4 Bb7 35. Ra7 Bd5 36. a4 Rc1+ 37. Kh2 g5 38. a5 Rc2 39. Kg3 h4+ 40.
Kh2 Rxf2 41. Rg4 Kh6 42. Kg1 Rf5 43. Re7 Kg6 44. a6 Bc6 45. Rc4 Bb5 46. a7 Bxc4
47. a8=Q 1-0

[Event "Cto Equipos Aragon 2013 Preferente II"]
[Site "Aragon"]
[Date "2013.01.26"]
[Round "1.55"]
[White "Barcena Laguia, Francisco"]
[Black "Jario Garcia, Ricardo"]
[Result "1-0"]
[WhiteElo "1905"]
[BlackElo "2145"]
[PlyCount "29"]
[EventDate "2013.??.??"]
[EventType "tourn"]
[EventRounds "9"]
[EventCountry "ESP"]
[WhiteTeam "Teruel"]
[BlackTeam "Marcos Frechin"]

1. d4 e6 2. Nf3 Nf6 3. Bf4 d5 4. e3 Be7 5. Nbd2 O-O 6. Bd3 Nbd7 7. Ne5 c5 8. c3
Qb6 9. Rb1 Re8 10. Qf3 Nf8 11. g4 N6d7 12. Nxf7 cxd4 13. exd4 e5 14. Qxd5 Nf6
15. Nh6+ 1-0

[Event "Cto Equipos Aragon 2013 Preferente II"]
[Site "Aragon"]
[Date "2013.01.26"]
[Round "1.57"]
[White "Sanz Lopez, Ruben"]
[Black "Cantin Zaborras, Valentin"]
[Result "0-1"]
[WhiteElo "1932"]
[BlackElo "2123"]
[PlyCount "64"]
[EventDate "2013.??.??"]
[EventType "tourn"]
[EventRounds "9"]
[EventCountry "ESP"]
[WhiteTeam "ONCE C.A. Aragon B"]
[BlackTeam "Ramiro B"]

1. d4 Nf6 2. Nf3 g6 3. c4 Bg7 4. Nc3 d5 5. e3 O-O 6. Be2 c6 7. O-O Bg4 8. cxd5
cxd5 9. Qb3 b6 10. h3 Bc8 11. Ne5 Bb7 12. Bd2 Nc6 13. Nxc6 Bxc6 14. Rac1 Qd7
15. Bb5 Rfc8 16. Ba6 Bb7 17. Bb5 Qf5 18. Be2 h5 19. a4 Rab8 20. Rfd1 g5 21. Qa3
Bf8 22. Qa2 e5 23. dxe5 Qxe5 24. Nb5 Ne4 25. Rxc8 Rxc8 26. Bc3 Nxc3 27. Nxc3
Bd6 28. g3 h4 29. Nxd5 hxg3 30. f4 gxf4 31. e4 Rc2 32. Bh5 Bc5+ 0-1

[Event "Cto Equipos Aragon 2013 Preferente II"]
[Site "Aragon"]
[Date "2013.01.26"]
[Round "1.58"]
[White "Valiente Roy, Jose Javier"]
[Black "Landa Garriga, Francisco Javier"]
[Result "1-0"]
[WhiteElo "2031"]
[BlackElo "1900"]
[PlyCount "79"]
[EventDate "2013.??.??"]
[EventType "tourn"]
[EventRounds "9"]
[EventCountry "ESP"]
[WhiteTeam "Ramiro B"]
[BlackTeam "ONCE C.A. Aragon B"]

1. Nf3 Nf6 2. c4 d5 3. cxd5 Nxd5 4. Nc3 g6 5. Qc2 Nf6 6. d4 c6 7. h3 Bg7 8. e4
O-O 9. Be3 Be6 10. Ng5 Bd7 11. Bc4 h6 12. Nxf7 Rxf7 13. Bxf7+ Kxf7 14. Qb3+ Be6
15. Qxb7 Nbd7 16. Qxc6 Rc8 17. Qa4 Bc4 18. Rc1 Bd3 19. Qb3+ Bc4 20. Qd1 Kg8 21.
e5 Nh7 22. Qd2 Qf8 23. Ne2 h5 24. O-O Nb6 25. b3 Bd5 26. Nf4 Qf7 27. Rxc8+ Nxc8
28. Qc2 Nb6 29. Qxg6 Qxg6 30. Nxg6 Kf7 31. Nf4 h4 32. Rc1 Nf8 33. Rc7 a5 34.
Nxd5 Nxd5 35. Ra7 Nxe3 36. fxe3 Ke6 37. Rxa5 Kf5 38. Kf2 Ke4 39. Ke2 Bh6 40.
Ra8 1-0

[Event "Cto Equipos Aragon 2013 Preferente II"]
[Site "Aragon"]
[Date "2013.01.26"]
[Round "1.59"]
[White "Gimeno Diaz, Fernando"]
[Black "Munoz Suarez, Luis Alberto"]
[Result "1-0"]
[WhiteElo "1891"]
[BlackElo "1996"]
[PlyCount "62"]
[EventDate "2013.??.??"]
[EventType "tourn"]
[EventRounds "9"]
[EventCountry "ESP"]
[WhiteTeam "ONCE C.A. Aragon B"]
[BlackTeam "Ramiro B"]

1. d4 Nf6 2. Nf3 g6 3. c4 Bg7 4. Nc3 O-O 5. e4 d6 6. Be2 Nbd7 7. O-O e5 8. Bg5
h6 9. Bc1 c6 10. dxe5 dxe5 11. h3 Re8 12. Be3 Qe7 13. Qc2 Nh5 14. Rfd1 Nf4 15.
Bf1 g5 16. Rd2 Qf6 17. Nh2 h5 18. Rad1 Bf8 19. Rxd7 Bxd7 20. Rxd7 g4 21. hxg4
hxg4 22. Nxg4 Qe6 23. Qd1 Re7 24. Rxe7 Bxe7 25. Qf3 Rd8 26. Nxe5 Qxe5 27. Qxf4
Qh8 28. Qg4+ Kf8 29. c5 Bf6 30. Qf5 Be5 31. g3 Bd4 {bandera} 1-0

[Event "Cto Equipos Aragon 2013 Preferente II"]
[Site "Aragon"]
[Date "2013.01.26"]
[Round "1.60"]
[White "Pueyo Marina, Gerardo"]
[Black "Gayan Carceller, Miguel Angel"]
[Result "1-0"]
[WhiteElo "1939"]
[BlackElo "1875"]
[PlyCount "63"]
[EventDate "2013.??.??"]
[EventType "tourn"]
[EventRounds "9"]
[EventCountry "ESP"]
[WhiteTeam "Ramiro B"]
[BlackTeam "ONCE C.A. Aragon B"]

1. d4 d5 2. Nf3 Nf6 3. c4 e6 4. g3 Be7 5. Bg2 O-O 6. O-O Nbd7 7. Qc2 c6 8. Nbd2
b6 9. Rd1 Bb7 10. e4 Nxe4 11. Nxe4 dxe4 12. Qxe4 Nf6 13. Qc2 Qc7 14. Bf4 Bd6
15. Bg5 Be7 16. Rac1 h6 17. Bf4 Bd6 18. Bxd6 Qxd6 19. Ne5 Qc7 20. b4 Nd7 21.
Qe4 Nxe5 22. dxe5 Rad8 23. b5 Rxd1+ 24. Rxd1 Rc8 25. Rd6 cxb5 26. Qxb7 Qxb7 27.
Bxb7 Rb8 28. Ba6 bxc4 29. Bxc4 b5 30. Bd3 a5 31. Ra6 a4 32. Ra5 1-0

[Event "Cto Equipos Aragon 2013 Preferente II"]
[Site "Aragon"]
[Date "2013.01.26"]
[Round "1.61"]
[White "Sanchez Castro, Roberto"]
[Black "Neila Castillo, Miguel Angel"]
[Result "1-0"]
[WhiteElo "2014"]
[BlackElo "2075"]
[PlyCount "113"]
[EventDate "2013.??.??"]
[EventType "tourn"]
[EventRounds "9"]
[EventCountry "ESP"]
[WhiteTeam "Ibercaja C"]
[BlackTeam "CCOO Delicias B"]

1. e4 d5 2. exd5 Qxd5 3. Nc3 Qa5 4. Bc4 Nf6 5. d3 c6 6. Bd2 Qc7 7. Nge2 b5 8.
Bb3 a5 9. a4 b4 10. Ne4 Nxe4 11. dxe4 Qe5 12. O-O e6 13. Re1 Bc5 14. Bf4 Qxb2
15. Bd6 Bxd6 16. Qxd6 Qf6 17. Rad1 Qe7 18. Qg3 O-O 19. e5 Kh8 20. Rd4 Nd7 21.
Rh4 Rg8 22. Qh3 Nf8 23. c4 f5 24. exf6 gxf6 25. c5 Qxc5 26. Rc1 Qg5 27. f4 Qg6
28. Bc2 f5 29. Nd4 c5 30. Nf3 Bb7 31. Ng5 Be4 32. Bd1 Rd8 33. Bh5 Qg7 34. Nf7+
Qxf7 35. Bxf7 Rxg2+ 36. Qxg2 Bxg2 37. Kxg2 Kg7 38. Bh5 Rc8 39. Rh3 c4 40. Be2
c3 41. Rd3 Rc7 42. Kf3 Nd7 43. Bd1 Nc5 44. Rd8 Ne4 45. Ke3 Kf6 46. Bb3 Nc5 47.
Bd1 Ne4 48. Rd4 Ke7 49. Rxe4 fxe4 50. Bb3 Rd7 51. Kxe4 Rd2 52. Rc2 Rd1 53. Rxc3
Re1+ 54. Re3 Rc1 55. Kd4 Rc6 56. f5 Rd6+ 57. Kc5 1-0

[Event "Cto Equipos Aragon 2013 Preferente II"]
[Site "Aragon"]
[Date "2013.01.26"]
[Round "1.62"]
[White "Pes Mateo, Angel"]
[Black "Carrasquer Munoz, Alberto"]
[Result "1-0"]
[WhiteElo "2240"]
[BlackElo "1844"]
[PlyCount "109"]
[EventDate "2013.??.??"]
[EventType "tourn"]
[EventRounds "9"]
[EventCountry "ESP"]
[WhiteTeam "CCOO Delicias B"]
[BlackTeam "Ibercaja C"]

1. d4 c6 2. c3 d5 3. Bf4 Nf6 4. h3 Bf5 5. Qb3 Qb6 6. Nd2 Nbd7 7. Ngf3 c5 8. e3
c4 9. Qxb6 axb6 10. g4 Bc2 11. Be2 e6 12. O-O Be7 13. a3 O-O 14. Rac1 Bg6 15.
Nh4 Bd3 16. Bxd3 cxd3 17. Ng2 h6 18. f3 Rfc8 19. Ne1 Nf8 20. Nxd3 Ng6 21. Bg3
Nd7 22. e4 h5 23. exd5 h4 24. Bh2 exd5 25. Rce1 Re8 26. Rf2 Bg5 27. f4 Rxe1+
28. Nxe1 Be7 29. Re2 Bd6 30. Nd3 Kf8 31. f5 Bxh2+ 32. Kxh2 Ne7 33. Nf3 Nf6 34.
Nxh4 Nc6 35. Ng2 Ne4 36. Ngf4 Nf6 37. g5 Nh7 38. h4 Ne7 39. Kh3 Re8 40. Kg4 Nc8
41. Rxe8+ Kxe8 42. Nxd5 Nf8 43. h5 Nd7 44. Ne5 Nf8 45. Nc4 Nd7 46. Kf4 Kf8 47.
Nc7 Ke7 48. Nb5 Kf8 49. b4 Ke7 50. d5 f6 51. g6 Kf8 52. Ke4 Ne7 53. Nbd6 b5 54.
Nxb5 Ke8 55. Nbd6+ 1-0

[Event "Cto Equipos Aragon 2013 Preferente II"]
[Site "Aragon"]
[Date "2013.01.26"]
[Round "1.63"]
[White "Colas Perez, Patricia"]
[Black "Naya Sancho, Juan Manuel"]
[Result "0-1"]
[WhiteElo "1751"]
[BlackElo "1895"]
[PlyCount "54"]
[EventDate "2013.??.??"]
[EventType "tourn"]
[EventRounds "9"]
[EventCountry "ESP"]
[WhiteTeam "Ibercaja C"]
[BlackTeam "CCOO Delicias B"]

1. c4 Nc6 2. Nc3 e5 3. g3 g6 4. Bg2 Bg7 5. d3 f5 6. e4 d6 7. Nge2 h6 8. Nd5 Nf6
9. Nec3 O-O 10. f4 Be6 11. O-O Qd7 12. Nxf6+ Bxf6 13. Nd5 Bg7 14. Be3 Rae8 15.
Qb3 Nd8 16. fxe5 dxe5 17. Bc5 Rf7 18. exf5 Bxf5 19. Be4 Ne6 20. Be3 c6 21. Bxf5
gxf5 22. Nb4 Nd4 23. Qd1 e4 24. dxe4 Rxe4 25. Bf2 f4 26. Bxd4 Rxd4 27. Qf3 Rxc4
0-1

[Event "Cto Equipos Aragon 2013 Preferente II"]
[Site "Aragon"]
[Date "2013.01.26"]
[Round "1.64"]
[White "Fleta Marin, Sergio"]
[Black "Pellicer Sancho, Rafael Jose"]
[Result "0-1"]
[WhiteElo "1617"]
[BlackElo "1733"]
[PlyCount "166"]
[EventDate "2013.??.??"]
[EventType "tourn"]
[EventRounds "9"]
[EventCountry "ESP"]
[WhiteTeam "CCOO Delicias B"]
[BlackTeam "Ibercaja C"]

1. d4 Nf6 2. Bg5 g6 3. Bxf6 exf6 4. e3 Bg7 5. Bd3 d5 6. h3 O-O 7. Nd2 Nc6 8. c3
a5 9. a4 b6 10. Rc1 Qe7 11. Ne2 Bb7 12. Nf4 Nd8 13. Qb3 Qd6 14. h4 Ne6 15. Nxe6
Qxe6 16. Qc2 Qg4 17. g3 h5 18. Be2 Qe6 19. Bf3 Rfe8 20. O-O Rad8 21. Kh2 Bc8
22. Bg2 g5 23. hxg5 fxg5 24. Rh1 Qf6 25. Kg1 Bf5 26. e4 Bg6 27. e5 Qe7 28. Qb3
Qd7 29. Bf3 g4 30. Bg2 Bh6 31. Rd1 Re6 32. f3 Be3+ 33. Kh2 gxf3 34. Nxf3 Be4
35. Rde1 Bh6 36. Nh4 Bxg2 37. Kxg2 Rc6 38. Qd1 Qg4 39. Qxg4+ hxg4 40. Nf5 Bg5
41. Rh5 Rg6 42. Reh1 Kf8 43. Kf2 Re8 44. Ne3 Bxe3+ 45. Kxe3 f6 46. Rh8+ Rg8 47.
Rxg8+ Kxg8 48. Kf4 fxe5+ 49. dxe5 Rf8+ 50. Kxg4 Rf2 51. Re1 Rxb2 52. e6 Kf8 53.
Kf5 Ke7 54. Ke5 Rg2 55. Kf4 Ra2 56. g4 Rxa4+ 57. Kf5 Re4 58. Rh1 Rxe6 59. Rh7+
Kd6 60. g5 Re1 61. Rh4 Rg1 62. Kf6 Rf1+ 63. Kg7 Ke7 64. g6 Rg1 65. Rh7 Ke6 66.
Rh6 a4 67. Kh7 Kf6 68. Rh4 Rxg6 69. Rf4+ Ke5 70. Rxa4 Rc6 71. Ra3 Rc4 72. Kg6
Rg4+ 73. Kf7 Kd6 74. Kf6 Rf4+ 75. Kg5 Rf3 76. Kg4 Rd3 77. Kf5 d4 78. Ke4 Rxc3
79. Ra1 c5 80. Ra8 Re3+ 81. Kf4 Kc7 82. Ra7+ Kc6 83. Ra1 b5 0-1

[Event "Cto Equipos Aragon 2013 Preferente II"]
[Site "Aragon"]
[Date "2013.01.26"]
[Round "1.65"]
[White "Planas Torrea, Francisco Javier"]
[Black "Cebrian Valverde, Jose Antonio"]
[Result "1-0"]
[WhiteElo "1996"]
[BlackElo "2129"]
[PlyCount "95"]
[EventDate "2013.??.??"]
[EventType "tourn"]
[EventRounds "9"]
[EventCountry "ESP"]
[WhiteTeam "Ejea"]
[BlackTeam "San Jose"]

1. e4 e6 2. d4 d5 3. exd5 exd5 4. Bd3 Bd6 5. Ne2 Qh4 6. Nbc3 c6 7. Be3 Nf6 8.
Qd2 Ng4 9. g3 Qf6 10. O-O-O Nxf2 11. Bxf2 Qxf2 12. Rdf1 Qg2 13. Qe3+ Kf8 14.
Nf4 Bxf4 15. Qxf4 f6 16. Qd6+ Kf7 17. Qc7+ Nd7 18. Bf5 Re8 19. h4 Re3 20. Bxd7
Re7 21. Qf4 Bxd7 22. Rfg1 Qxh1 23. Rxh1 Rae8 24. g4 Kg8 25. g5 Rf7 26. Rg1 fxg5
27. Qxg5 h6 28. Qg3 a6 29. Rg2 h5 30. Rf2 Rfe7 31. Kd2 Bg4 32. Rf4 Bc8 33. Qg5
Bg4 34. Rxg4 hxg4 35. Qxg4 Rf8 36. h5 Rf6 37. b3 Kh7 38. Na4 Re4 39. Qg1 Rh4
40. Nc5 b5 41. Nxa6 Rxh5 42. Nc5 Rg6 43. Qe1 Rg2+ 44. Kc3 Rhh2 45. Qd1 g5 46.
Ne6 g4 47. Qd3+ Kh8 48. Qg6 1-0

[Event "Cto Equipos Aragon 2013 Preferente II"]
[Site "Aragon"]
[Date "2013.01.26"]
[Round "1.66"]
[White "Gutierrez Minguenza, Ruben"]
[Black "Planas Torrea, Alberto"]
[Result "1-0"]
[WhiteElo "2078"]
[BlackElo "1940"]
[PlyCount "137"]
[EventDate "2013.??.??"]
[EventType "tourn"]
[EventRounds "9"]
[EventCountry "ESP"]
[WhiteTeam "San Jose"]
[BlackTeam "Ejea"]

1. d4 d5 2. c4 e5 3. dxe5 d4 4. Nf3 Nc6 5. g3 Bf5 6. Bg2 Qd7 7. O-O Nge7 8. Qa4
Ng6 9. Rd1 Bc5 10. Qb5 Bb6 11. c5 a6 12. Qc4 Be6 13. Qc2 Ba7 14. a3 O-O 15. Be3
Rad8 16. Nxd4 Ngxe5 17. Nc3 Qe7 18. Nxc6 Nxc6 19. b4 Rxd1+ 20. Rxd1 Rd8 21. Nd5
Bxd5 22. Rxd5 Rxd5 23. Bxd5 Nd8 24. Qe4 Qxe4 25. Bxe4 c6 26. Bf4 Ne6 27. Bd6
Nd4 28. Bd3 a5 29. e3 Nf3+ 30. Kh1 axb4 31. axb4 g6 32. h4 h5 33. Be4 Nd2 34.
Bc2 Nc4 35. Bc7 Kf8 36. Kg2 Ke8 37. Bb3 Na3 38. f4 Nb5 39. Be5 b6 40. cxb6 Bxb6
41. Kf3 Ke7 42. Ba4 Na7 43. Ke4 f6 44. Bd4 Bxd4 45. Kxd4 Kd6 46. e4 Nc8 47. e5+
fxe5+ 48. fxe5+ Kc7 49. Kc5 Ne7 50. Bc2 Kd7 51. Be4 Ke6 52. Bxc6 Kxe5 53. b5
Nc8 54. Bd7 Nd6 55. Bc6 Nxb5 56. Kxb5 g5 57. hxg5 Kf5 58. g6 Kxg6 59. Bd7 Kg5
60. Bh3 Kf6 61. Kc4 Kg5 62. Kd5 h4 63. g4 Kf4 64. Kd4 Kg3 65. g5 Kxh3 66. g6
Kg2 67. g7 h3 68. g8=Q+ Kf1 69. Qg3 1-0

[Event "Cto Equipos Aragon 2013 Preferente II"]
[Site "Aragon"]
[Date "2013.01.26"]
[Round "1.68"]
[White "Rubio Tello, Abel"]
[Black "Merin Flores, Miguel Angel"]
[Result "1-0"]
[WhiteElo "1864"]
[BlackElo "1716"]
[PlyCount "105"]
[EventDate "2013.??.??"]
[EventType "tourn"]
[EventRounds "9"]
[EventCountry "ESP"]
[WhiteTeam "San Jose"]
[BlackTeam "Ejea"]

1. d4 d5 2. Nf3 Nf6 3. Bg5 c6 4. e3 Bg4 5. Bd3 Nbd7 6. Nbd2 e6 7. O-O Bd6 8. c4
Rc8 9. c5 Be7 10. Qa4 a6 11. Ne5 Nxe5 12. dxe5 Ne4 13. Bxe7 Qxe7 14. Bxe4 dxe4
15. Nxe4 O-O 16. Nd6 Be2 17. Nxc8 Rxc8 18. Rfe1 Bh5 19. Qc2 Rd8 20. f3 Rd5 21.
Rad1 Rxe5 22. Rd6 h6 23. Red1 Bg6 24. e4 Qg5 25. b4 a5 26. Qd2 Qxd2 27. R1xd2
axb4 28. Rb2 Rxc5 29. Rxb4 Rc1+ 30. Kf2 Rc2+ 31. Kg3 Rxa2 32. Rxb7 c5 33. Rb8+
Kh7 34. Rdd8 Bh5 35. Kh4 Kg6 36. g4 Bxg4 37. Kxg4 Rxh2 38. Kg3 Rc2 39. Rd7 h5
40. Rbb7 Kg5 41. f4+ Kh6 42. Rxf7 Rc1 43. Kg2 Rc2+ 44. Kh3 Rc3+ 45. Kh4 Rc1 46.
Rbc7 c4 47. Rc5 c3 48. Rfc7 Rf1 49. Rxh5+ Kg6 50. f5+ exf5 51. exf5+ Kf6 52.
Rxc3 Rh1+ 53. Kg4 1-0

[Event "Cto Equipos Aragon 2013 Preferente II"]
[Site "Aragon"]
[Date "2013.01.26"]
[Round "1.69"]
[White "Fernandez Rubio, Rafael"]
[Black "Gracia Campo, Carlos Alberto"]
[Result "1-0"]
[WhiteElo "2062"]
[BlackElo "2043"]
[PlyCount "77"]
[EventDate "2013.??.??"]
[EventType "tourn"]
[EventRounds "9"]
[EventCountry "ESP"]
[WhiteTeam "Tauste"]
[BlackTeam "El Olivar B"]

1. c4 Nf6 2. Nc3 g6 3. g3 Bg7 4. Bg2 c5 5. d3 O-O 6. e4 d6 7. Nge2 Nc6 8. O-O
a6 9. h3 Qc7 10. f4 Rb8 11. a4 e6 12. g4 h5 13. g5 Ne8 14. Be3 Bd4 15. Qd2 Ng7
16. Rac1 Na5 17. Nxd4 cxd4 18. Bxd4 Nb3 19. Qf2 Nxc1 20. Rxc1 b5 21. axb5 axb5
22. c5 Ne8 23. b4 Bd7 24. cxd6 Nxd6 25. Ne2 Qd8 26. Bc5 Be8 27. Qd4 Nb7 28.
Bxf8 Kxf8 29. Qh8+ Ke7 30. Nd4 Qb6 31. Kh1 Rd8 32. Nf3 Qe3 33. Qf6+ Kf8 34. Re1
Qxd3 35. Ne5 Qd4 36. Nxg6+ Kg8 37. Ne7+ Kf8 38. e5 Qd3 39. Re4 1-0

[Event "Cto Equipos Aragon 2013 Preferente II"]
[Site "Aragon"]
[Date "2013.01.26"]
[Round "1.70"]
[White "Bailo Remacha, Santiago"]
[Black "Sierra Aguerri, Joaquin"]
[Result "0-1"]
[WhiteElo "2030"]
[BlackElo "1978"]
[PlyCount "112"]
[EventDate "2013.??.??"]
[EventType "tourn"]
[EventRounds "9"]
[EventCountry "ESP"]
[WhiteTeam "El Olivar B"]
[BlackTeam "Tauste"]

1. c4 e5 2. b3 c5 3. Bb2 Nc6 4. g3 g6 5. Bg2 Bg7 6. f4 d6 7. Nf3 Nge7 8. O-O
O-O 9. fxe5 dxe5 10. Nc3 Bg4 11. d3 Qd7 12. Ne4 b6 13. Nf2 Rad8 14. Nxg4 Qxg4
15. Qd2 h6 16. a3 Nf5 17. e3 e4 18. Bxg7 Rxd3 19. Qb2 Nxg7 20. Ne1 Rxe3 21. Rf4
Qe2 22. Qxe2 Rxe2 23. Rxe4 Rxe4 24. Bxe4 Nd4 25. b4 Re8 26. Bd3 Rxe1+ 27. Rxe1
Nf3+ 28. Kf2 Nxe1 29. Kxe1 Ne6 30. b5 Kg7 31. Be4 f5 32. Bd5 Kf6 33. Kd2 Ke5
34. Ke3 g5 35. h4 Nd4 36. a4 Ne6 37. hxg5 hxg5 38. Kf3 Nc7 39. Bg8 a6 40. Ke3
a5 41. Bh7 Ne6 42. Bg8 Nf8 43. Bf7 Nh7 44. Bd5 Nf6 45. Bf3 g4 46. Bc6 Ne4 47.
Bxe4 fxe4 48. Ke2 Kd4 49. Kd2 e3+ 50. Ke2 Ke4 51. Ke1 Kf3 52. Kf1 Kxg3 53. Ke2
Kf4 54. Kf1 Kf3 55. Kg1 e2 56. Kh2 g3+ 0-1

[Event "Cto Equipos Aragon 2013 Preferente II"]
[Site "Aragon"]
[Date "2013.01.26"]
[Round "1.71"]
[White "Sancho Casale, Jesus"]
[Black "Bayod Rubia, Angel"]
[Result "1-0"]
[WhiteElo "1941"]
[BlackElo "2024"]
[PlyCount "131"]
[EventDate "2013.??.??"]
[EventType "tourn"]
[EventRounds "9"]
[EventCountry "ESP"]
[WhiteTeam "Tauste"]
[BlackTeam "El Olivar B"]

1. e4 d6 2. d4 Nf6 3. Nc3 Nbd7 4. g4 h6 5. h3 e5 6. Nge2 c6 7. Bg2 Be7 8. Be3
Nb6 9. b3 Qc7 10. Qd2 a5 11. O-O g5 12. Ng3 a4 13. Nce2 c5 14. dxe5 dxe5 15. c4
Be6 16. Nc3 Rd8 17. Nd5 Nfxd5 18. exd5 Bc8 19. Be4 Bd6 20. Qe2 Qe7 21. Bf5 Nd7
22. bxa4 Nf6 23. f3 e4 24. Nxe4 Bxf5 25. Nxf6+ Qxf6 26. Bxg5+ Qe5 27. Qxe5+
Bxe5 28. Rfe1 hxg5 29. Rxe5+ Be6 30. dxe6 Rd2 31. exf7+ Kxf7 32. Rae1 Rxh3 33.
Re7+ Kf8 34. R7e2 Rd3 35. Rf1 Rc3 36. Kg2 Rh6 37. Rb1 b6 38. a5 bxa5 39. Rb5
Rxc4 40. Rxa5 Rc6 41. Re5 Rc2+ 42. Kg3 c4 43. Rxg5 c3 44. Rgc5 Rd6 45. Rc7 Re6
46. Ra8+ Re8 47. Rxe8+ Kxe8 48. a4 Kd8 49. Rc4 Rc1 50. Kf4 c2 51. a5 Kd7 52. a6
Ra1 53. Rxc2 Rxa6 54. Rd2+ Ke7 55. Rd5 Ra3 56. g5 Rb3 57. Re5+ Kf7 58. Rf5+ Kg7
59. Kg4 Rb1 60. Rf6 Rb4+ 61. f4 Ra4 62. Re6 Kf7 63. Rb6 Ra3 64. f5 Kg7 65. Rb7+
Kg8 66. f6 1-0

[Event "Cto Equipos Aragon 2013 Preferente II"]
[Site "Aragon"]
[Date "2013.01.26"]
[Round "1.72"]
[White "Labrador Postigo, Francisco Manuel"]
[Black "Muro Turon, Raul"]
[Result "1-0"]
[WhiteElo "1917"]
[BlackElo "1862"]
[PlyCount "79"]
[EventDate "2013.??.??"]
[EventType "tourn"]
[EventRounds "9"]
[EventCountry "ESP"]
[WhiteTeam "El Olivar B"]
[BlackTeam "Tauste"]

1. d4 Nf6 2. Nf3 g6 3. c4 c5 4. d5 b5 5. cxb5 a6 6. b6 d6 7. Nc3 Bg7 8. e4 Nbd7
9. Be2 O-O 10. O-O Nxb6 11. a4 Qc7 12. a5 Nbd7 13. Nd2 e6 14. Nc4 exd5 15. Nxd5
Qb8 16. Ne7+ Kh8 17. Nxd6 Bb7 18. Bf4 Qa7 19. Bc4 h6 20. Bxf7 Rxf7 21. Nxf7+
Kh7 22. e5 Nh5 23. Qxd7 Nxf4 24. Qg4 Bxg2 25. Qxf4 Bxf1 26. Rxf1 Qxe7 27. Re1
Rf8 28. e6 c4 29. Re3 Rc8 30. Qd6 Qf6 31. Qxa6 Re8 32. Qxc4 Qxb2 33. a6 Bd4 34.
Ng5+ Kh8 35. Qc6 Rf8 36. Nf7+ Kh7 37. Rf3 Qb1+ 38. Kg2 Qa2 39. e7 Rxf7 40. e8=Q
1-0